| 000 | 01440cam a22003251i 4500 | ||
|---|---|---|---|
| 003 | SA-RiAUC | ||
| 005 | 20250328125512.0 | ||
| 008 | 250328s1984 ua g b 00000 ara c | ||
| 040 |
_aSA-RiAUC _bara _cSA-RiAUC _erda |
||
| 050 | 4 | _bI2 1984 | |
| 082 | 0 | 4 | _a212.5 |
| 090 |
_a212.5 _b ا ب ن ع |
||
| 100 | 1 |
_aابن العديم، عمر بن أحمد بن هبة الله، _d588-660 هجري _eمؤلف. |
|
| 245 | 1 | 0 |
_aتذكرة الآباء وتسلية الأبناء، المسمى، الدراري في ذكر الذراري / _cتأليف كمال الدين عمر بن هبة الله بن العديم الحلبي ؛ حققة وعلق عليه علاء عبد الوهاب محمد. |
| 246 | 3 | 3 | _aالدراري في ذكر الذراري |
| 250 | _aالطبعة الأولى. | ||
| 264 | 1 |
_aالقاهرة : _bدار الهدية، _c1984 |
|
| 300 |
_a94 صفحة ؛ _c23 سم. |
||
| 336 |
_aنص _btxt _2rdacontent _3كتاب |
||
| 337 |
_aبدون وسيط _bn _2rdamedia |
||
| 338 |
_aمجلد _bnc _2rdacarrier |
||
| 490 | 0 | _aمن تراثنا | |
| 504 | _aببليوجرافية : صفحة 89-92. | ||
| 650 | 7 |
_aالتربية الإسلامية _2aucsh |
|
| 650 | 7 |
_aالآباء والأبناء _2aucsh |
|
| 650 | 7 |
_aالأخلاق الإسلامية _2aucsh |
|
| 700 | 1 |
_aمحمد، علاء عبد الوهاب _eمحقق. |
|
| 942 |
_2ddc _cBOOK _n0 |
||
| 949 |
_aSA-JeALM _d250328 _ueid123 _n1 |
||
| 999 |
_c6675 _d6675 |
||